La cuestión social de los jóvenes /

Se trata el tema de la problemática juvenil en la Argentina post crisis de los inicios de la década del 2000. En este sentido, es la preocupación por las condiciones de vida y oportunidades de este segmento de la población que sufre serios niveles de exclusión, especialmente afectados por la crisis...

Descripció completa

Guardat en:
Dades bibliogràfiques
Autor principal: Pérez Sosto, Guillermo
Altres autors: Romero, Mariel
Format: Text
Matèries:
Etiquetes: Afegir etiqueta
Sense etiquetes, Sigues el primer a etiquetar aquest registre!

MARC

LEADER 00000 a a2200000 04500
001 40936
003
040
100 |a Pérez Sosto, Guillermo  
245 |a La cuestión social de los jóvenes /  |c Guillermo Pérez Sosto ; Mariel Romero  
520 |a Se trata el tema de la problemática juvenil en la Argentina post crisis de los inicios de la década del 2000. En este sentido, es la preocupación por las condiciones de vida y oportunidades de este segmento de la población que sufre serios niveles de exclusión, especialmente afectados por la crisis del empleo.  
590 |a RRA/JULIO2011  
650 |a 1.JUVENTUD  
650 |a 2.DESEMPLEO JUVENIL  
650 |a 3.CONDICIONES SOCIALES  
650 |a 4.MERCADO DE TRABAJO  
650 |a 5.EXCLUSION SOCIAL  
650 |a 6.ARGENTINA  
700 |a Romero, Mariel  
773 |g páginas 377-409  
999 |c 37106  |d 37106